「帰れま10」のランキングから店名を当てる #4 - Statistics

General Stats
  • This quiz has been taken 137 times
  • The average score is 6 of 10
Answer Stats
答え % Correct
ローソン
99%
はま寿司
86%
ドミノピザ
72%
COCO'S
66%
{イオン}(お惣菜編)
65%
かつや
63%
ロイヤルホスト
43%
磯丸水産
31%
叙々苑
20%
スイーツパラダイス
10%
No matching quizzes found
Score Distribution
Percent of People with Each Score
Percentile by Number Answered
Your Score History
You have not taken this quiz